Statistics for Mathematical Formulas

Click here to take the quiz!

General Stats

  • This quiz has been taken 241 times
  • The average score is 7 of 14

Answer Stats

HintAnswer% Correct
(base x height)/2Area of a triangle
87%
πr^2Area of a circle
80%
(4/3)πr^3Volume of a sphere
71%
side^2Area of a square
70%
2πrCircumference of a circle
70%
πr^2 x heightVolume of a Cylinder
54%
a^2+b^2=c^2Pythagorean Theorem
49%
x=(-b±√(b^2-4ac))/2aQuadratic Formula
47%
((πr^2) x height)/3Volume of a cone
44%
(sinA/a)=(sinB/b)=(sinC/c)Law of Sines
26%
c^2=a^2+b^2-2ab(cosC)Law of Cosines
25%
(x-a)^2+(y-b)^2=r^2Equation of a circle
20%
cos^2θ+sin^2θ=1Pythagorean Identity
9%
(sector x radius)/2Area of a sector of a circle
8%

Score Distribution

Percentile by Number Answered

Percent of People with Each Score

Your Score History

You have not taken this quiz